El Teatro romántico español / Joaquín Montaner
Descripción Física:
92 p. ; 17 cm
Materias:
Teatre espanyol -- S. XIX
MARC
| LEADER | 00000nam a2200000Ia 4500 | ||
|---|---|---|---|
| 001 | 8356 | ||
| 003 | BGR | ||
| 005 | 20260324175214.0 | ||
| 008 | 160829s1928 xx 000 0 cat d | ||
| 080 | |a B-1-258 | ||
| 100 | |a Montaner, Joaquín |9 20216 | ||
| 245 | |a El Teatro romántico español / Joaquín Montaner | ||
| 260 | |a Barcelona : |b Diputación Provincial de Barcelona, Instituto del Teatro Nacional, |c 1928 | ||
| 300 | |a 92 p. ; |c 17 cm | ||
| 650 | |a Teatre espanyol |x S. XIX |9 20217 | ||
| 710 | 1 | |a Barcelona (Catalunya : Província). |b Diputació |9 52408 | |
| 710 | 1 | |a Institut del Teatre (Barcelona, Catalunya) |9 52662 | |
| 901 | |a Arxiu | ||
| 942 | |n 1 |2 udc |c MON | ||
| 952 | |0 0 |1 0 |4 0 |6 B1258 |7 1 |9 41494 |a Arxiu |b Arxiu |d 2016-12-01 |l 0 |o B-1-258 |p 8356 |r 2016-12-01 00:00:00 |w 2016-12-01 |y ARXIU | ||
| 999 | |c 43302 |d 43302 | ||